[Event "DEN-chT 0506"]
[Site "Denmark"]
[Date "2006.03.18"]
[Round "8.3"]
[White "Nielsen, Lars Aaes"]
[Black "Jakobsen, Lars Veno"]
[Result "0-1"]
[WhiteElo "2182"]
[BlackElo "2337"]
[PlyCount "132"]
[EventDate "2005.11.05"]
[EventType "team-tourn"]
[EventRounds "9"]
[EventCountry "DEN"]
[SourceTitle "EXT 2023"]
[Source "ChessBase"]
[SourceDate "2022.10.05"]
[SourceVersion "1"]
[SourceVersionDate "2022.10.05"]
[SourceQuality "1"]
[WhiteTeam "Nordkalotten"]
[BlackTeam "Aalborg"]
[WhiteTeamCountry "DEN"]
[BlackTeamCountry "DEN"]

1. e4 c6 2. d4 d5 3. exd5 cxd5 4. Nf3 Nf6 5. c3 Nc6 6. Bf4 e6 7. Bb5 Bd6 8. Ne5 Bxe5 9. Bxe5 0-0 10. Bxc6 bxc6 11. 0-0 Nd7 12. Bd6 Re8 13. Re1 Ba6 14. Re3 Nb6 15. Bf4 Nc4 16. Rh3 Qf6 17. Rf3 Nxb2 18. Qc2 Nd3 19. Bd2 Qg6 20. Rg3 Qf5 21. Bh6 g6 22. Na3 Rab8 23. Rf3 Qh5 24. Rh3 Qf5 25. Rf3 Qe4 26. Re3 Qh4 27. Rh3 Qe7 28. Qa4 Rb6 29. Nc2 Reb8 30. g4 Bb5 31. Qa3 Qxa3 32. Nxa3 Ba6 33. Rd1 Nb2 34. Re1 Bd3 35. Bc1 Ra6 36. Bxb2 Rxb2 37. Rxd3 Rxa3 38. h4 Raxa2 39. Rf3 Re2 40. Rb1 Rab2 41. Ra1 Ra2 42. Rb1 Rab2 43. Ra1 Rb7 44. Ra6 Rc7 45. Rd3 Rc2 46. Ra5 Kf8 47. Rc5 Ke7 48. Re3 Kd7 49. Re1 Rb7 50. Ra1 Rcb2 51. Kg2 R2b5 52. Rxb5 cxb5 53. Kf3 Rc7 54. Kf4 Rxc3 55. Rxa7+ Rc7 56. Ra8 h6 57. Rb8 Kc6 58. h5 gxh5 59. gxh5 Rb7 60. Rc8+ Kd6 61. Ke3 b4 62. Kd2 b3 63. Kc1 Rc7+ 64. Rxc7 Kxc7 65. Kb2 Kd6 66. Kxb3 Ke7 0-1

[Event "DEN-chT 0506"]
[Site "Denmark"]
[Date "2006.03.05"]
[Round "7.3"]
[White "Brinck Claussen, Bjorn"]
[Black "Jakobsen, Lars Veno"]
[Result "1-0"]
[WhiteElo "2306"]
[BlackElo "2337"]
[PlyCount "79"]
[EventDate "2005.11.05"]
[EventType "team-tourn"]
[EventRounds "9"]
[EventCountry "DEN"]
[SourceTitle "EXT 2023"]
[Source "ChessBase"]
[SourceDate "2022.10.05"]
[SourceVersion "1"]
[SourceVersionDate "2022.10.05"]
[SourceQuality "1"]
[WhiteTeam "Bronshoj"]
[BlackTeam "Aalborg"]
[WhiteTeamCountry "DEN"]
[BlackTeamCountry "DEN"]

1. e4 c5 2. Nf3 e6 3. d4 cxd4 4. Nxd4 a6 5. Bd3 Qb6 6. c3 Nc6 7. 0-0 Qc7 8. Nxc6 dxc6 9. a4 Bc5 10. Nd2 e5 11. b4 Ba7 12. a5 Nf6 13. Nc4 0-0 14. Bg5 Ne8 15. Nb6 Bxb6 16. axb6 Qd7 17. Qe2 Nd6 18. Rfd1 Qe6 19. Be3 Rd8 20. Bc5 Ne8 21. Bc4 Rxd1+ 22. Rxd1 Qf6 23. Qd3 Be6 24. Bxe6 Qxe6 25. Qd7 Qxd7 26. Rxd7 Rb8 27. f3 f6 28. Kf2 h6 29. Ke3 Kh7 30. Kd3 Kg6 31. Kc4 h5 32. h4 f5 33. Bd6 Nf6 34. exf5+ Kxf5 35. Rxg7 Rg8 36. Rxb7 Ke6 37. Bc5 Nd5 38. Rh7 Rxg2 39. b7 Rc2 40. Kb3 1-0

[Event "DEN-chT 0506"]
[Site "Denmark"]
[Date "2006.01.14"]
[Round "4.3"]
[White "Berg, Emanuel"]
[Black "Jakobsen, Lars Veno"]
[Result "1-0"]
[WhiteElo "2540"]
[BlackElo "2337"]
[PlyCount "65"]
[EventDate "2005.11.05"]
[EventType "team-tourn"]
[EventRounds "9"]
[EventCountry "DEN"]
[SourceTitle "EXT 2023"]
[Source "ChessBase"]
[SourceDate "2022.10.05"]
[SourceVersion "1"]
[SourceVersionDate "2022.10.05"]
[SourceQuality "1"]
[WhiteTeam "Helsinge"]
[BlackTeam "Aalborg"]
[WhiteTeamCountry "DEN"]
[BlackTeamCountry "DEN"]

1. e4 c5 2. Nf3 e6 3. d4 cxd4 4. Nxd4 a6 5. Bd3 Qb6 6. Nb3 Qc7 7. 0-0 Nf6 8. c4 d6 9. Nc3 Be7 10. f4 0-0 11. Qe2 Nbd7 12. Bd2 b6 13. Nd4 Re8 14. Rae1 Qc5 15. Kh1 Bb7 16. Rf3 Rad8 17. Rh3 Nf8 18. Nc2 Qc7 19. Ne3 Ng6 20. Ng4 Nd7 21. f5 Ngf8 22. fxe6 fxe6 23. e5 Nxe5 24. Nxe5 dxe5 25. Qh5 e4 26. Nxe4 g6 27. Qf3 Qe5 28. Bc3 Qf5 29. Qg3 Bxe4 30. Bxe4 Bd6 31. Qd3 Qg4 32. Qd4 e5 33. Bd5+ 1-0

[Event "Norresundby"]
[Site "Norresundby"]
[Date "2000.??.??"]
[Round "2"]
[White "Bentzen, Eric"]
[Black "Jakobsen, Lars Veno"]
[Result "1-0"]
[WhiteElo "2357"]
[BlackElo "2360"]
[PlyCount "107"]
[EventDate "2000.??.??"]
[EventType "tourn"]
[EventRounds "7"]
[EventCountry "DEN"]
[EventCategory "5"]
[SourceTitle "EXT 2001"]
[Source "ChessBase"]
[SourceDate "2000.11.22"]
[SourceVersion "1"]
[SourceVersionDate "2000.11.22"]
[SourceQuality "1"]

1. d4 Nf6 2. Nf3 e6 3. e3 b6 4. Nbd2 Bb7 5. Bd3 c5 6. c3 Nc6 7. a3 d5 8. Qe2 Bd6 9. 0-0 0-0 10. e4 dxe4 11. Nxe4 cxd4 12. Nxf6+ gxf6 13. Bh6 dxc3 14. Bxf8 cxb2 15. Qxb2 Bxf8 16. Rad1 Qe7 17. Rfe1 Bg7 18. Qc2 h6 19. Be4 Rc8 20. Qd3 Bf8 21. Qb5 Qc7 22. Nd4 Nxd4 23. Rxd4 Qc3 24. Rdd1 Bxe4 25. Rxe4 Qxa3 26. Rg4+ Bg7 27. h4 Rc1 28. Qe8+ Kh7 29. Rxc1 Qxc1+ 30. Kh2 Qc7+ 31. Kh3 f5 32. Rg3 a5 33. Rd3 Qc4 34. Rd7 Qg4+ 35. Kh2 Qxh4+ 36. Kg1 Qf6 37. Rxf7 Qg6 38. Qd7 a4 39. Re7 a3 40. Qa4 Qg4 41. Qxa3 Qd1+ 42. Kh2 Qh5+ 43. Qh3 Qg6 44. Qb3 Qh5+ 45. Kg1 e5 46. Rc7 e4 47. Rc8 Kg6 48. Qxb6+ Bf6 49. Qb3 Qe2 50. Qg8+ Kh5 51. Qf7+ Kg5 52. Rg8+ Kf4 53. g3+ Ke5 54. Re8+ 1-0

[Event "Norresundby"]
[Site "Norresundby"]
[Date "2000.??.??"]
[Round "3"]
[White "Jakobsen, Lars Veno"]
[Black "Brinck Claussen, Bjorn"]
[Result "0-1"]
[WhiteElo "2360"]
[BlackElo "2343"]
[PlyCount "58"]
[EventDate "2000.??.??"]
[EventType "tourn"]
[EventRounds "7"]
[EventCountry "DEN"]
[EventCategory "5"]
[SourceTitle "EXT 2001"]
[Source "ChessBase"]
[SourceDate "2000.11.22"]
[SourceVersion "1"]
[SourceVersionDate "2000.11.22"]
[SourceQuality "1"]

1. d4 d5 2. c4 c6 3. Nf3 Nf6 4. Nc3 e6 5. Qb3 Nbd7 6. Bg5 Be7 7. e3 0-0 8. cxd5 exd5 9. Bd3 h6 10. Bh4 Ne4 11. Bxe7 Qxe7 12. 0-0 Ndf6 13. Qc2 Bf5 14. Rab1 a5 15. Ne5 c5 16. f3 Nxc3 17. bxc3 cxd4 18. cxd4 Rfc8 19. Qb3 Bxd3 20. Qxd3 Rc7 21. Rb5 a4 22. Rfb1 Rac8 23. h3 Rc3 24. Rxb7 Rxd3 25. Rxe7 Rd2 26. Rxf7 Rcc2 27. Rb8+ Kh7 28. Rbb7 Rxg2+ 29. Kf1 Nh5 0-1

[Event "Norresundby"]
[Site "Norresundby"]
[Date "2000.??.??"]
[Round "5"]
[White "Jakobsen, Lars Veno"]
[Black "Fries Nielsen, Jens Ove"]
[Result "1/2-1/2"]
[WhiteElo "2360"]
[BlackElo "2430"]
[PlyCount "22"]
[EventDate "2000.??.??"]
[EventType "tourn"]
[EventRounds "7"]
[EventCountry "DEN"]
[EventCategory "5"]
[SourceTitle "EXT 2001"]
[Source "ChessBase"]
[SourceDate "2000.11.22"]
[SourceVersion "1"]
[SourceVersionDate "2000.11.22"]
[SourceQuality "1"]

1. d4 Nf6 2. c4 e6 3. Nc3 Bb4 4. Qc2 0-0 5. a3 Bxc3+ 6. Qxc3 a5 7. Bg5 d6 8. e3 Nbd7 9. Bd3 b6 10. Ne2 Bb7 11. 0-0 c5 1/2-1/2

[Event "DEN-chB"]
[Site "Aalborg"]
[Date "2000.??.??"]
[Round "?"]
[White "Jakobsen, Lars Veno"]
[Black "Pedersen, Jan"]
[Result "1/2-1/2"]
[WhiteElo "2360"]
[BlackElo "2346"]
[PlyCount "98"]
[EventDate "2000.??.??"]
[EventType "swiss"]
[EventRounds "7"]
[EventCountry "DEN"]
[SourceTitle "EXT 2001"]
[Source "ChessBase"]
[SourceDate "2000.11.22"]
[SourceVersion "1"]
[SourceVersionDate "2000.11.22"]
[SourceQuality "1"]

1. d4 Nf6 2. c4 c5 3. d5 e5 4. Nc3 d6 5. e4 Be7 6. g3 0-0 7. h4 a6 8. a4 Nbd7 9. Bh3 Rb8 10. Be3 Ne8 11. Nge2 Nc7 12. Qd3 Nf6 13. Bxc8 Qxc8 14. f3 b5 15. axb5 axb5 16. Nxb5 Nxb5 17. cxb5 c4 18. Qc2 Rxb5 19. Ra4 Qb8 20. Bc1 Rb4 21. 0-0 Qb6+ 22. Kg2 Rb8 23. Nc3 Nd7 24. Na2 Rxa4 25. Qxa4 Qb5 26. Qxb5 Rxb5 27. Rf2 Nc5 28. Rc2 Nd3 29. Rxc4 Nxc1 30. Rc8+ Bf8 31. Nxc1 Rxb2+ 32. Kf1 g6 33. Nd3 Rd2 34. Nb4 Rb2 35. Nc6 Rb7 36. g4 h6 37. h5 gxh5 38. gxh5 Kg7 39. Rd8 Rb2 40. Kg1 Ra2 41. Re8 Rb2 42. Kf1 Ra2 43. Rd8 f5 44. exf5 Rh2 45. f6+ Kf7 46. Nb8 Rxh5 47. Nd7 Be7 48. fxe7 Kxe7 49. Nf6 Kxf6 1/2-1/2

[Event "DEN-chB"]
[Site "Aalborg"]
[Date "2000.??.??"]
[Round "?"]
[White "Jakobsen, Lars Veno"]
[Black "Sobjerg, Erik"]
[Result "1-0"]
[WhiteElo "2360"]
[BlackElo "2260"]
[PlyCount "171"]
[EventDate "2000.??.??"]
[EventType "swiss"]
[EventRounds "7"]
[EventCountry "DEN"]
[SourceTitle "EXT 2001"]
[Source "ChessBase"]
[SourceDate "2000.11.22"]
[SourceVersion "1"]
[SourceVersionDate "2000.11.22"]
[SourceQuality "1"]

1. c4 Nc6 2. Nc3 e5 3. g3 f5 4. Bg2 Nf6 5. e3 g6 6. d3 Bg7 7. Nge2 0-0 8. 0-0 d6 9. Rb1 g5 10. f4 exf4 11. gxf4 g4 12. b4 Qe8 13. Bd2 Ne7 14. Nd5 Nfxd5 15. cxd5 Bd7 16. Qb3 Ng6 17. b5 Nh4 18. Bh1 Rf7 19. Rf2 Re7 20. d4 Kh8 21. a4 a6 22. bxa6 Rxa6 23. Qxb7 Bc8 24. Qb5 Rxa4 25. Qxe8+ Rxe8 26. Rc1 Ba6 27. Rxc7 Bxe2 28. Rxe2 Bxd4 29. Kf2 Ra7 30. Rxa7 Bxa7 31. Kg3 Ng6 32. h3 h5 33. hxg4 hxg4 34. e4 Bc5 35. Rh2+ Kg8 36. exf5 Nf8 37. Kxg4 Nh7 38. Bc3 Re3 39. Rh3 Rxh3 40. Kxh3 Kf7 41. Bf3 Be3 42. Kg3 Nf6 43. Be1 Bc1 44. Bf2 Bd2 45. Bg1 Kg7 46. Bh2 Kh6 47. Kf2 Bc1 48. Bg3 Kg7 49. Ke2 Ne8 50. Kd3 Nc7 51. Kc4 Bd2 52. Be4 Kf7 53. Bc2 Kg7 54. Ba4 Kf7 55. Bd7 Kg7 56. Kd3 Bc1 57. Ke4 Na6 58. Be6 Nc5+ 59. Kf3 Nd3 60. Bd7 Bb2 61. Bc8 Nb4 62. Ke4 Na2 63. Bb7 Nc3+ 64. Kd3 Na4 65. Kc4 Kf6 66. Bf2 Kxf5 67. Kb3 Nc3 68. Bd4 Nxd5 69. Bxb2 Nxf4 70. Kc4 Ke6 71. Bc8+ Ke7 72. Bg4 Ne6 73. Kd5 Nf4+ 74. Ke4 Ne6 75. Ba3 Nc7 76. Bf5 Ne8 77. Kd5 Kf6 78. Bd7 Ke7 79. Bh3 Nf6+ 80. Kc6 Ne8 81. Bb4 Kd8 82. Be1 Ke7 83. Bg3 Kf7 84. Bh4 Kf8 85. Kd7 Kf7 86. Be6+ 1-0

[Event "DEN-chB"]
[Site "Aalborg"]
[Date "2000.??.??"]
[Round "?"]
[White "Lund, Silas"]
[Black "Jakobsen, Lars Veno"]
[Result "0-1"]
[WhiteElo "2250"]
[BlackElo "2360"]
[PlyCount "78"]
[EventDate "2000.??.??"]
[EventType "swiss"]
[EventRounds "7"]
[EventCountry "DEN"]
[SourceTitle "EXT 2001"]
[Source "ChessBase"]
[SourceDate "2000.11.22"]
[SourceVersion "1"]
[SourceVersionDate "2000.11.22"]
[SourceQuality "1"]

1. c4 e6 2. g3 Nf6 3. Bg2 d5 4. d4 Bb4+ 5. Bd2 Be7 6. Nf3 0-0 7. 0-0 c6 8. Qc2 Nbd7 9. Nc3 a6 10. e4 dxc4 11. e5 Nd5 12. Ne4 b5 13. b3 cxb3 14. axb3 Bb7 15. Ba5 Qb8 16. Neg5 g6 17. h4 Rc8 18. h5 Nf8 19. hxg6 hxg6 20. Ne4 Nd7 21. Qd2 Kg7 22. b4 Rh8 23. Nfg5 Qf8 24. Rab1 Qb8 25. Rfe1 Qa7 26. Bf3 Rae8 27. Kg2 Qb8 28. Rb3 Nf8 29. Nc5 Bc8 30. Bg4 Nh7 31. Nxf7 Kxf7 32. Rf3+ Kg7 33. Nxe6+ Bxe6 34. Bxe6 Ng5 35. Bxd5 cxd5 36. Rc3 Rc8 37. Rec1 Ne4 38. Rxc8 Rxc8 39. Qf4 Bg5 0-1

[Event "DEN-chB"]
[Site "Aalborg"]
[Date "2000.??.??"]
[Round "?"]
[White "Rasmussen, Allan Stig"]
[Black "Jakobsen, Lars Veno"]
[Result "0-1"]
[WhiteElo "2164"]
[BlackElo "2360"]
[PlyCount "62"]
[EventDate "2000.??.??"]
[EventType "swiss"]
[EventRounds "7"]
[EventCountry "DEN"]
[SourceTitle "EXT 2001"]
[Source "ChessBase"]
[SourceDate "2000.11.22"]
[SourceVersion "1"]
[SourceVersionDate "2000.11.22"]
[SourceQuality "1"]

1. e4 c5 2. f4 e6 3. e5 d6 4. exd6 Bxd6 5. g3 Nf6 6. Bg2 0-0 7. Nf3 Bd7 8. 0-0 Bc6 9. d3 Nbd7 10. Nbd2 b5 11. Qe2 Re8 12. Ne4 Nxe4 13. dxe4 e5 14. f5 Nf6 15. Nd2 c4 16. g4 h6 17. h4 Nh7 18. Nf3 Be7 19. Rd1 Qb6+ 20. Kh1 Bc5 21. g5 h5 22. Nd2 g6 23. Bf3 Rad8 24. Rf1 Nf8 25. a4 a6 26. fxg6 fxg6 27. c3 Qb7 28. b3 Ne6 29. bxc4 Nf4 30. Qh2 bxa4 31. Be2 Rxd2 0-1

[Event "DEN-chB"]
[Site "Aalborg"]
[Date "2000.??.??"]
[Round "?"]
[White "Skytte, Rasmus"]
[Black "Jakobsen, Lars Veno"]
[Result "1-0"]
[WhiteElo "2346"]
[BlackElo "2360"]
[PlyCount "79"]
[EventDate "2000.??.??"]
[EventType "swiss"]
[EventRounds "7"]
[EventCountry "DEN"]
[SourceTitle "EXT 2001"]
[Source "ChessBase"]
[SourceDate "2000.11.22"]
[SourceVersion "1"]
[SourceVersionDate "2000.11.22"]
[SourceQuality "1"]

1. e4 c5 2. c3 Nf6 3. e5 Nd5 4. d4 cxd4 5. Nf3 e6 6. cxd4 b6 7. Bd3 Be7 8. 0-0 0-0 9. Nc3 Nxc3 10. bxc3 Qc7 11. Ng5 Bxg5 12. Bxg5 Ba6 13. c4 f5 14. exf6 g6 15. Qc2 Kf7 16. d5 e5 17. Rae1 d6 18. f4 Nd7 19. f5 Rg8 20. fxg6+ Rxg6 21. Bxg6+ hxg6 22. Re4 Rh8 23. Be3 Nf8 24. Rg4 Bc8 25. Rg5 Rh4 26. Qf2 Rxc4 27. Qg3 Re4 28. Rc1 Rc4 29. Rf1 Re4 30. h4 Qc3 31. Rc1 Qxe3+ 32. Qxe3 Rxe3 33. Rxc8 Ra3 34. Rg4 Ra5 35. Rgc4 Rc5 36. R4xc5 bxc5 37. Rd8 c4 38. Rxd6 c3 39. Rc6 c2 40. Rxc2 1-0

[Event "DEN-chT 9899"]
[Site "Denmark"]
[Date "1999.03.21"]
[Round "7.3"]
[White "Jakobsen, Lars Veno"]
[Black "Antonsen, Mikkel"]
[Result "0-1"]
[WhiteElo "2340"]
[BlackElo "2390"]
[PlyCount "94"]
[EventDate "1998.11.01"]
[EventType "team-tourn"]
[EventRounds "7"]
[EventCountry "DEN"]
[SourceTitle "EXT 2023"]
[Source "ChessBase"]
[SourceDate "2022.10.05"]
[SourceVersion "1"]
[SourceVersionDate "2022.10.05"]
[SourceQuality "1"]
[WhiteTeam "Gistrup"]
[BlackTeam "Nykobing Falster"]
[WhiteTeamCountry "DEN"]
[BlackTeamCountry "DEN"]

1. d4 e6 2. c4 Bb4+ 3. Bd2 a5 4. g3 d6 5. Nf3 Nc6 6. Bg2 e5 7. d5 Nce7 8. 0-0 Nf6 9. Ne1 0-0 10. Nd3 Bxd2 11. Nxd2 Nd7 12. b3 f5 13. a3 g5 14. e4 Nf6 15. exf5 Nxf5 16. Ne4 Nxe4 17. Bxe4 Nd4 18. f3 Bh3 19. Rf2 c6 20. f4 gxf4 21. gxf4 Qh4 22. Bg2 Bg4 23. Qe1 exf4 24. Nxf4 Rae8 25. Ne6 Rxf2 26. Qxf2 Qxf2+ 27. Kxf2 Bxe6 28. dxe6 Rxe6 29. b4 Re2+ 30. Kg1 Nc2 31. Ra2 Nd4 32. Ra1 b6 33. bxa5 bxa5 34. Rb1 Rc2 35. Rb8+ Kg7 36. Rb7+ Kf6 37. Rxh7 Rxc4 38. h4 d5 39. h5 Nf5 40. Ra7 Rc1+ 41. Kf2 Rc2+ 42. Kg1 Kg5 43. Rxa5 Ne3 44. Bh3 Kh4 45. Ra8 Kxh3 46. h6 Rg2+ 47. Kh1 Nf5 0-1

[Event "Aalborg "]
[Site "Aalborg"]
[Date "1999.??.??"]
[Round "1"]
[White "Andreasen, Per Naesby"]
[Black "Jakobsen, Lars Veno"]
[Result "1/2-1/2"]
[WhiteElo "2309"]
[BlackElo "2325"]
[PlyCount "59"]
[EventDate "1999.??.??"]
[EventType "tourn"]
[EventRounds "7"]
[EventCountry "DEN"]
[EventCategory "1"]
[SourceTitle "EXT 2001"]
[Source "ChessBase"]
[SourceDate "2000.11.22"]
[SourceVersion "1"]
[SourceVersionDate "2000.11.22"]
[SourceQuality "1"]

1. c4 Nf6 2. g3 c6 3. b3 d5 4. Bb2 Bf5 5. Nf3 e6 6. Bg2 h6 7. 0-0 Be7 8. d3 0-0 9. Nbd2 a5 10. a3 Nbd7 11. Rc1 Bh7 12. Rc2 Ne8 13. Qa1 Bf6 14. Ne5 Nxe5 15. Bxe5 Bxe5 16. Qxe5 Qf6 17. Qxf6 Nxf6 18. Rb1 Nd7 19. cxd5 exd5 20. Nf3 Rfe8 21. Bh3 Ne5 22. Nxe5 Rxe5 23. b4 axb4 24. axb4 d4 25. Bg4 Bf5 26. f4 Rb5 27. Bxf5 Rxf5 28. Rc5 Rxc5 29. bxc5 Re8 30. Kf2 1/2-1/2

[Event "EU-Cup 14th Group1"]
[Site "Breda"]
[Date "1998.09.18"]
[Round "1"]
[White "Jacimovic, Dragoljub"]
[Black "Jakobsen, Lars Veno"]
[Result "1-0"]
[WhiteElo "2490"]
[BlackElo "2340"]
[PlyCount "67"]
[EventDate "1998.09.18"]
[EventType "team-k.o."]
[EventRounds "3"]
[EventCountry "NED"]
[SourceTitle "EXT 2020"]
[Source "ChessBase"]
[SourceDate "2019.10.17"]
[SourceVersion "1"]
[SourceVersionDate "2019.10.17"]
[SourceQuality "1"]
[WhiteTeam "Skopje Alkaloid"]
[BlackTeam "Gistrup"]
[WhiteTeamCountry "MKD"]
[BlackTeamCountry "DEN"]

1. d4 Nf6 2. c4 e6 3. Nc3 Bb4 4. Qc2 0-0 5. Nf3 c5 6. dxc5 Na6 7. Bd2 Bxc5 8. a3 b6 9. b4 Be7 10. e4 d6 11. Bd3 Bb7 12. 0-0 Nb8 13. Rfe1 Nbd7 14. Rad1 a6 15. Bf4 Nh5 16. Bc1 Qc7 17. Bb2 Rac8 18. Qd2 Rfd8 19. Qe3 Nhf6 20. h3 h6 21. Bf1 Ne5 22. Nxe5 dxe5 23. Na4 Rxd1 24. Rxd1 Bd8 25. c5 b5 26. Nb6 Rb8 27. Qg3 Nxe4 28. Qxe5 Nf6 29. Qe3 Qc6 30. Bxf6 Bxf6 31. Nd7 Rc8 32. Nxf6+ gxf6 33. Qxh6 f5 34. Rd3 1-0

[Event "DEN-ch cand"]
[Site "Taastrup"]
[Date "1998.??.??"]
[Round "4"]
[White "Bromann, Thorbjorn"]
[Black "Jakobsen, Lars Veno"]
[Result "1/2-1/2"]
[WhiteElo "2245"]
[BlackElo "2340"]
[PlyCount "86"]
[EventDate "1998.??.??"]
[EventType "swiss"]
[EventRounds "7"]
[EventCountry "DEN"]
[SourceTitle "EXT 2000"]
[Source "ChessBase"]
[SourceDate "1999.11.16"]
[SourceVersion "1"]
[SourceVersionDate "1999.11.16"]
[SourceQuality "1"]

1. e4 c5 2. Nf3 e6 3. d4 cxd4 4. Nxd4 a6 5. Bd3 Nf6 6. 0-0 Qc7 7. Kh1 d6 8. Bg5 Be7 9. f4 Nbd7 10. Qe2 b6 11. b4 Bb7 12. Nd2 Qc3 13. N2b3 Qxb4 14. c3 Qa3 15. Bc2 h6 16. Bh4 d5 17. exd5 Nxd5 18. f5 e5 19. Ne6 Bxh4 20. c4 N5f6 21. c5 fxe6 22. fxe6 0-0 23. exd7 Qb4 24. Bf5 Qb5 25. Qxe5 Qc6 26. Qe2 bxc5 27. Rac1 Qb5 28. Qe6+ Kh8 29. Nxc5 Bg5 30. Bd3 Qc6 31. Rc2 Nxd7 32. Qxd7 Rxf1+ 33. Bxf1 Qxd7 34. Nxd7 Rd8 35. Rc7 Be4 36. Bxa6 Bf5 37. Bb5 Bf4 38. Ra7 Rc8 39. Bf1 Bxd7 40. Rxd7 Rc1 41. g3 Rxf1+ 42. Kg2 Ra1 43. gxf4 Rxa2+ 1/2-1/2

[Event "DEN-ch cand"]
[Site "Taastrup"]
[Date "1998.??.??"]
[Round "3"]
[White "Jakobsen, Lars Veno"]
[Black "Larsen, Peter"]
[Result "1-0"]
[WhiteElo "2340"]
[BlackElo "2275"]
[PlyCount "63"]
[EventDate "1998.??.??"]
[EventType "swiss"]
[EventRounds "7"]
[EventCountry "DEN"]
[SourceTitle "EXT 2000"]
[Source "ChessBase"]
[SourceDate "1999.11.16"]
[SourceVersion "1"]
[SourceVersionDate "1999.11.16"]
[SourceQuality "1"]

1. d4 f5 2. g3 Nf6 3. Bg2 g6 4. c3 d6 5. Nf3 c6 6. Qb3 Bg7 7. Nbd2 Qb6 8. 0-0 Qxb3 9. axb3 0-0 10. Nc4 Na6 11. b4 Nc7 12. Re1 Be6 13. Na5 Rab8 14. Nd2 a6 15. e4 fxe4 16. Nxe4 Bd5 17. Bd2 Nxe4 18. Bxe4 Bxe4 19. Rxe4 e5 20. dxe5 Bxe5 21. Rae1 Nb5 22. Bh6 Bg7 23. Bf4 Bf6 24. Re6 Bd8 25. Bh6 Bxa5 26. Bxf8 Bxb4 27. Bh6 Bc5 28. b4 Bb6 29. Re7 Nxc3 30. Rg7+ Kh8 31. Rxb7 Rxb7 32. Re8# 1-0

[Event "DEN-ch cand"]
[Site "Taastrup"]
[Date "1998.??.??"]
[Round "1"]
[White "Jakobsen, Lars Veno"]
[Black "Pedersen, Jan"]
[Result "1/2-1/2"]
[WhiteElo "2340"]
[BlackElo "2365"]
[PlyCount "76"]
[EventDate "1998.??.??"]
[EventType "swiss"]
[EventRounds "7"]
[EventCountry "DEN"]
[SourceTitle "EXT 2000"]
[Source "ChessBase"]
[SourceDate "1999.11.16"]
[SourceVersion "1"]
[SourceVersionDate "1999.11.16"]
[SourceQuality "1"]

1. d4 g6 2. c4 Bg7 3. e4 d6 4. Nc3 Nf6 5. f3 0-0 6. Bg5 c6 7. Qd2 a6 8. Bd3 e5 9. d5 h6 10. Be3 Kh7 11. Nge2 Nbd7 12. g4 cxd5 13. cxd5 b5 14. Ng3 Nc5 15. Bc2 Bd7 16. 0-0 Ng8 17. b4 Na4 18. Nxa4 bxa4 19. Bd3 Bf6 20. Rfc1 Bg5 21. Bxg5 hxg5 22. Kg2 f6 23. Qe3 Qb8 24. a3 Ne7 25. Rh1 Kg7 26. Rhc1 Qb7 27. Rc3 Rfc8 28. Rac1 Rxc3 29. Rxc3 Rc8 30. Ne2 Bb5 31. Rxc8 Nxc8 32. Nc3 Bxd3 33. Qxd3 Nb6 34. Nd1 Qc8 35. Qc3 Qc4 36. Kf2 Kf7 37. Qe3 Qc2+ 38. Kg3 Qxd1 1/2-1/2

[Event "Karsten Kold op"]
[Site "Gistrup"]
[Date "1997.??.??"]
[Round "2"]
[White "Jensen, Bjarke"]
[Black "Jakobsen, Lars Veno"]
[Result "1-0"]
[WhiteElo "2110"]
[BlackElo "2340"]
[PlyCount "67"]
[EventDate "1997.07.??"]
[EventType "swiss"]
[EventRounds "10"]
[EventCountry "DEN"]
[SourceTitle "EXT 1998"]
[Source "ChessBase"]
[SourceDate "1997.11.17"]
[SourceVersion "1"]
[SourceVersionDate "1997.11.17"]
[SourceQuality "1"]

1. e4 c5 2. Nf3 e6 3. d4 cxd4 4. Nxd4 a6 5. Nc3 Qc7 6. Be2 Nf6 7. 0-0 b5 8. Bf3 Bb7 9. Re1 d6 10. Nd5 exd5 11. exd5+ Kd8 12. Bg5 Nbd7 13. c4 bxc4 14. Rc1 Ne5 15. b3 c3 16. Re3 Rc8 17. Qe1 Qb6 18. Nf5 h6 19. Bxf6+ gxf6 20. Kh1 c2 21. Be4 Rc5 22. Qd2 Ng4 23. Re2 h5 24. h3 Ne5 25. f4 Nd7 26. Bf3 Bc8 27. Qd4 Kc7 28. b4 Rb5 29. Rexc2+ Nc5 30. bxc5 dxc5 31. d6+ Bxd6 32. Nxd6 Qxd6 33. Rxc5+ Kd7 34. Rc7+ 1-0

[Event "Karsten Kold op"]
[Site "Gistrup"]
[Date "1997.??.??"]
[Round "6"]
[White "Kupreichik, Viktor D"]
[Black "Jakobsen, Lars Veno"]
[Result "1-0"]
[WhiteElo "2500"]
[BlackElo "2340"]
[PlyCount "35"]
[EventDate "1997.07.??"]
[EventType "swiss"]
[EventRounds "10"]
[EventCountry "DEN"]
[SourceTitle "EXT 1998"]
[Source "ChessBase"]
[SourceDate "1997.11.17"]
[SourceVersion "1"]
[SourceVersionDate "1997.11.17"]
[SourceQuality "1"]

1. e4 c5 2. Nf3 e6 3. d4 cxd4 4. Nxd4 a6 5. Nc3 b5 6. Bd3 Bb7 7. 0-0 d6 8. Qe2 Be7 9. a4 b4 10. Na2 d5 11. Bd2 Qb6 12. c3 bxc3 13. bxc3 Nf6 14. Rab1 Qc7 15. exd5 Nxd5 16. Rfe1 Nf6 17. Bf4 Qd7 18. Qb2 1-0

[Event "Esbjerg"]
[Site "Esbjerg"]
[Date "1996.??.??"]
[Round "4"]
[White "Jakobsen, Lars Veno"]
[Black "Rodgaard, John"]
[Result "1/2-1/2"]
[WhiteElo "2310"]
[BlackElo "2375"]
[PlyCount "30"]
[EventDate "1996.??.??"]
[EventType "tourn"]
[EventRounds "9"]
[EventCountry "DEN"]
[SourceTitle "EXT 1998"]
[Source "ChessBase"]
[SourceDate "1997.11.17"]
[SourceVersion "1"]
[SourceVersionDate "1997.11.17"]
[SourceQuality "1"]

1. d4 d5 2. c4 e6 3. Nc3 c6 4. Nf3 Nf6 5. cxd5 exd5 6. Bg5 Be7 7. e3 Bf5 8. Bd3 Bxd3 9. Qxd3 Nbd7 10. 0-0 0-0 11. Rab1 a5 12. Qc2 Nb6 13. Bxf6 Bxf6 14. Na4 Nxa4 15. Qxa4 Be7 1/2-1/2

[Event "Ringsted op"]
[Site "Ringsted"]
[Date "1995.??.??"]
[Round "?"]
[White "Boe, Mads"]
[Black "Jakobsen, Lars Veno"]
[Result "1/2-1/2"]
[WhiteElo "2315"]
[BlackElo "2280"]
[PlyCount "35"]
[EventDate "1995.??.??"]
[EventType "swiss"]
[EventRounds "7"]
[EventCountry "DEN"]
[SourceTitle "EXT 1998"]
[Source "ChessBase"]
[SourceDate "1997.11.17"]
[SourceVersion "1"]
[SourceVersionDate "1997.11.17"]
[SourceQuality "1"]

1. e4 c5 2. c3 Nf6 3. e5 Nd5 4. d4 cxd4 5. cxd4 e6 6. Nf3 b6 7. a3 Be7 8. Bd3 Ba6 9. 0-0 0-0 10. Re1 Bxd3 11. Qxd3 d6 12. Nbd2 Nc6 13. b3 Rc8 14. Bb2 Qd7 15. Ne4 Nf4 16. Qe3 Nd5 17. Qd3 Nf4 18. Qe3 1/2-1/2